| 000 | 00978nam a2200313 u 4500 | ||
|---|---|---|---|
| 005 | 20250408063819.0 | ||
| 008 | 200124s2008 sp r 000 0 spa d | ||
| 020 | _a9788449321115 | ||
| 035 | _aUPN01000235119 | ||
| 040 |
_aMX-MxUPN _bspa _cMX-MxUPN |
||
| 041 | 1 |
_aspa _heng |
|
| 050 | 4 |
_aJZ1318 _bB43 2008 |
|
| 100 | 1 |
_aBeck, Ulrich, _d1944-2015 _934525 |
|
| 100 | 1 |
_a Beck-Gernsheim, Elisabeth, _d1946- _948410 |
|
| 240 | 1 | 0 |
_aGeneration global. _lEspañol |
| 245 | 1 | 0 | _aGeneración global |
| 260 |
_aBarcelona, España : _bPaidós, _c2008. |
||
| 300 | _a94 páginas | ||
| 500 | _aTraducción de: Generation global. | ||
| 650 | 4 |
_aGlobalización _95377 |
|
| 650 | 7 |
_910025 _aNacionalismo |
|
| 650 | 4 |
_aRelaciones internacionales _914390 |
|
| 650 | 4 |
_aRelaciones económicas internacionales _98185 |
|
| 700 | 1 |
_aGross, Richard D., _d1949- _etraducción _931055 |
|
| 902 | _bNoemiAcosta/210323 | ||
| 905 | _aLibro | ||
| 942 |
_n0 _2lcc _cLIBRO |
||
| 999 |
_c207214 _d207214 |
||